00632nam a2200181Ia 4500001001000000003000500010008004100015010001100056040000900067082001800076100004800094245012900142260005900271300001000330440004400340650002800384710003800412Para_7158CHAP220125s1982 xx 000 0 und d a206044 cCHAP aPA 634.772 C6 aContreras Martínez de Escobar, Miguel A. aIdentificación y caracterización de 16 clones de plátano en Tabasco /c por Miguel A. Contreras Martínez de Escobar aChapingo, Méx. :b UACh. Centro Regional Puyacatengo a76 p. aColección cuadernos universitarios; 4 aPlátano x genética aUACh. Centro Regional Puyacatengo